LEADER 01207nam a2200265 4500 001 000000364933 003 CaOOAMICUS 005 20251119141135.0 008 251031s2010 it 000 u ita r 020 $a978-88-7016-796-2 040 $aSeMil$bita 100 1 $aSilvestrini, Gabriella,$d<1961- >.$0(OLS)http://semarc/name/123058 245 10$aDiritto naturale e volontà generale :$bil contrattualismo repubblicano di Jean-Jacques Rousseau /$cGabriella Silvestrini. 264 1$aTorino :$bClaudiana,$c2010. 300 $a372 p. ;$c24 cm 490 1 $aStudi storici. Saggi 600 14$aRousseau, Jean-Jacques <1712-1778>.$0(OLS)http://semarc/subject/8482 830 0$aStudi storici.$0(OLS)http://semarc/title/6527 850 $aSeMil 852 $aSeMil$W1$xVenegono$y1$m2G VI 37$j264601$B255771$CSeMilBibl$Z2$F255771 $81 961 $aBuzzi mons. Franco - Omaggio 996 $6020$a978-88-7016-796-2$9(OLS)http://semarc/number/304467 996 $6245$aDiritto naturale e volontà generale :$bil contrattualismo repubblicano di Jean-Jacques Rousseau$9(OLS)http://semarc/title/456442 996 $6264$aTorino :$bClaudiana$9(OLS)http://semarc/publisher/29837 LEADER 00830nam a2200217 i 4500 001 000000124466 003 CaOOAMICUS 005 20040324000000.0 008 040324s1965 it u000 u fre u 013 $a97163 040 $aSeMil$bita 100 1 $aChasles, Madeleine.$0(OLS)http://semarc/name/51721 245 10$aPour lire la Bible /$cMadeleine Chasles. 260 $aS.l. :$bApostolat des editions,$ccopyr. 1965. 300 $a293 p. ;$c19 cm. 650 4$aBibbia - Introduzioni.$0(OLS)http://semarc/subject/748 850 $aSeMil 852 $aSeMil$W1$xVenegono$y1$m660 121 *$j79048$B79048$CSeMilBibl$Z2$F81200 $81 961 $aRecupero: Biblioteca Seminario Saronno 996 $6245$aPour lire la Bible$9(OLS)http://semarc/title/183184 996 $6260$aS.l. :$bApostolat des editions$9(OLS)http://semarc/publisher/46346